| 000 | 00978nam a22002777a 4500 | ||
|---|---|---|---|
| 001 | 6595 | ||
| 003 | FISKH | ||
| 005 | 20250812132309.0 | ||
| 008 | 250513b cb ||||| |||| 00| 0 eng d | ||
| 020 | _a076645060310 | ||
| 040 |
_aFISKH _beng _cFISKH _dFISKH |
||
| 050 | _aPZ7.H568 P | ||
| 082 | _a428.64 | ||
| 100 | _aHoffman, Joan | ||
| 245 |
_aPeter's dream : _bA start to read book _cWritten by Joan Hoffman ; Illustrated by Linda Bronson |
||
| 260 |
_aMichigan : _bSchool Zone Publishing Company, _c1819. |
||
| 300 |
_a16 pages : _bcolor illustrations ; _c23 cm |
||
| 490 |
_aTeacher your child to read : _vlevel 2 |
||
| 505 | _aG | ||
| 520 | _aPeter dreams of a far away land where boys and girls live without anyone telling them what to do-but there is no one to call when they have bad dreams. | ||
| 521 | 8 |
_a380
_bLexile estimate |
|
| 521 | 8 |
_aG
_bRaz-Plus |
|
| 650 |
_aDream _vFantasy _xPicture book |
||
| 942 |
_2ddc _cBK _n0 |
||
| 999 |
_c6595 _d6595 |
||